| 000 | 00994nam0a22002651 4500 | ||
|---|---|---|---|
| 001 | rc\2594794 | ||
| 005 | 20250623124921.0 | ||
| 035 | _a(NLR Aleph) 006758977 | ||
| 090 |
_a5823957 _c5823957 |
||
| 100 | _a20110914d1929 |||y0rusy50 ca | ||
| 101 | 0 | _arus | |
| 102 | _aRU | ||
| 105 | _aae z ||||| | ||
| 200 | 1 |
_aПримеры расчета городских водопроводов _eСеть труб... _fПроф. Н. Н. Гениев |
|
| 210 |
_aМосква _aЛенинград _cГос. изд-во _d1929 _eМосква _g1-я Образцовая тип. |
||
| 215 |
_aVIII, 224 с. _cил., черт., граф., план. _d26х18 см. |
||
| 300 | _aВ картонном переплете с коленкоровым корешком | ||
| 700 | 1 |
_aГениев _bН.Н. _f1885- _gНиколай Николаевич |
|
| 801 | 0 |
_aRU _bNLR _gpsbo |
|
| 801 | 1 |
_aRU _bELAR _2rusmarc |
|
| 852 |
_aNLR _j70/156 |
||
| 852 |
_aNLR _j124/188 |
||
| 942 | _cBOOK | ||
| 980 | _aNB | ||